000 01289nem0a2200301 4500
001 RU\NLR\cart\4120
005 20260510041922.0
035 _a(NLR Aleph) 004274229
090 _a2289626
_c2289626
100 _a20070110d2004 |||y0rusy50 ca
101 0 _arus
102 _aRU
120 _abay xx||
123 1 _aa
_b100 000
200 1 _aСредний Урал. Центр Свердловской области
_bКарты
_eТуристский атлас
_fСост. и подгот. к изд. ООО "Урал. Картогр. Компания" в 2004 г.
_gГл. ред. Рауэр Ю.Б.
206 _a1:100 000, 1 км в 1 см
210 _aЕкатеринбург
_cУрал. Картогр. Компания
_d2004
215 _a1 атл. (77 с.)
_cцв., сб. л., указ.
_d29х22 см
509 _7ca
_aУрал
_gСредний
_92633955
_3RU\NLR\auth_crt\55783
606 0 _aОбщегеографические
_xКрупномасштабные
_92177726
_3RU\NLR\auth_crt\669
608 _aТуристские карты
_91327502
_3RU\NLR\AUTH\66551871
620 _aРоссия
702 1 _aРауэр
_bЮ. Б.
_4340
801 0 _aRU
_bNLR
_c20070110
_gPSBO
852 _aNLR
_bК
_j4-Ур 6/688
_m04-174
_t04-174а
942 _cMAP
980 _aNB